|
|
|
|
| LEADER |
00763nab a2200193 i 4500 |
| 001 |
misc8086 |
| 005 |
20191106143957.0 |
| 008 |
170607s1905 hu o 0|| hun d |
| 022 |
|
|
|a 0025-0260
|
| 040 |
|
|
|a SZTE Miscellanea Repozitórium
|b hun
|
| 041 |
|
|
|a hun
|
| 100 |
1 |
|
|a Kovács János
|
| 245 |
1 |
0 |
|a Markusovszky-féle egyetemi jubiláris előadások I., Than Károly
|h [elektronikus dokumentum] :
|b [könyvismertetés] /
|c Kovács János
|
| 260 |
|
|
|c 1905
|
| 300 |
|
|
|a 310-312
|
| 490 |
0 |
|
|a Magyar pedagógia : a Magyar Tudományos Akadémia Pedagógiai Bizottságának folyóirata
|v 14
|
| 695 |
|
|
|a Pedagógia könyvismertetés, Than Károly, Kémia
|
| 700 |
0 |
1 |
|a Than Károly
|
| 856 |
4 |
0 |
|u http://misc.bibl.u-szeged.hu/8086/1/mp_1905_1034_310-312.pdf
|z Dokumentum-elérés
|